| 000 | 00458nam a2200145Ia 4500 | ||
|---|---|---|---|
| 008 | 230917s9999||||xx |||||||||||||| ||und|| | ||
| 040 |
_e88766 _aMAIN |
||
| 041 | _aEnglish | ||
| 082 | _a709.54 S23R | ||
| 100 | _aSharma, R K, ed. | ||
| 245 | 0 | _aRecent perspectives on pre-historic art of India and allied subjects: Essays in honour of Dr Shyam Kumar Pandey | |
| 260 |
_aNew Delhi _bAryan Books International _c1996 |
||
| 300 | _axxxvii, 295 p. | ||
| 942 | _cBK | ||
| 999 |
_c90319 _d90319 |
||